| 000 | 00446nam a2200193Ia 4500 | ||
|---|---|---|---|
| 008 | 170918s9999 xx 000 0 und d | ||
| 020 | _a9780545232555 | ||
| 050 | _bL735 2008 | ||
| 100 | _aLin, Grace | ||
| 245 | _aBringing in the New Year / | ||
| 245 | _cGrace Lin. | ||
| 260 | _aNew York : | ||
| 260 | _bScholastic, | ||
| 260 | _c2008 | ||
| 300 | _aunpaged : | ||
| 300 | _bcolored illustration ; | ||
| 300 | _c21cm. | ||
| 500 | _a250 | ||
| 999 |
_c341071 _d341071 |
||